| 000 -LEADER |
| fixed length control field |
00839nam a22001937a 4500 |
| 001 - CONTROL NUMBER |
| control field |
9345 |
| 003 - CONTROL NUMBER IDENTIFIER |
| control field |
BD-DhUAP |
| 005 - DATE AND TIME OF LATEST TRANSACTION |
| control field |
20210127092348.0 |
| 008 - FIXED-LENGTH DATA ELEMENTS--GENERAL INFORMATION |
| fixed length control field |
200216s2004 bg ||||| |||| 00| 0 ben d |
| 020 ## - INTERNATIONAL STANDARD BOOK NUMBER |
| International Standard Book Number |
9848430083 |
| 040 ## - CATALOGING SOURCE |
| Original cataloging agency |
BD-DhUAP |
| Language of cataloging |
Ben |
| Transcribing agency |
BD-DhUAP |
| Modifying agency |
BD-DhUAP |
| 082 ## - DEWEY DECIMAL CLASSIFICATION NUMBER |
| Edition number |
23 |
| Classification number |
347.549205 RAH |
| 100 ## - MAIN ENTRY--PERSONAL NAME |
| Personal name |
রহমান, মোহাম্মদ মজিবর। |
| 245 ## - TITLE STATEMENT |
| Title |
দেওয়ানী কার্যবিধি সংহিতা = Code of civil procedure : |
| Remainder of title |
[সর্বশেষ সংশোধনীসহ] / |
| Statement of responsibility, etc. |
মোহাম্মদ মজিবর রহমান। |
| 260 ## - PUBLICATION, DISTRIBUTION, ETC. |
| Place of publication, distribution, etc. |
ঢাকা : |
| Name of publisher, distributor, etc. |
কামরুল বুক হাউস, |
| Date of publication, distribution, etc. |
২০০৪। |
| 300 ## - PHYSICAL DESCRIPTION |
| Extent |
[৩৮], ৫৫৪ পৃষ্ঠা ; |
| Dimensions |
২২ সেমি.। |
| 650 ## - SUBJECT ADDED ENTRY--TOPICAL TERM |
| Topical term or geographic name entry element |
Civil procedure |
| Geographic subdivision |
Bangladesh. |
| 942 ## - ADDED ENTRY ELEMENTS (KOHA) |
| Source of classification or shelving scheme |
|
| Koha item type |
Book |